| 000 | 00940nam a22002057a 4500 | ||
|---|---|---|---|
| 999 |
_c34704 _d34704 |
||
| 003 | OSt | ||
| 005 | 20240318170608.0 | ||
| 008 | 150408b xxu||||| |||| 00| 0 eng d | ||
| 040 | _cBMC | ||
| 082 | _a658 | ||
| 100 | 1 |
_948217 _aAlas Alas, Fátima Ester |
|
| 245 | 1 | 0 |
_aPasantía de asistente administrativa en el departamento de recursos humanos de la Alcaldía Municipal de San Pablo Tacachico _b: informe final _cFátima Ester Alas Alas |
| 260 |
_aSanta Ana (El Salvador) _bUniversidad Católica de El Salvador _c2023 |
||
| 300 |
_a76 +[17] h. _c28 cm _e+ 1 disco compacto |
||
| 500 | _aPrecede al tít.: Universidad Católica de El Salvador, Facultad de Ciencias Empresariales | ||
| 502 | _aTrabajo de graduación para optar al grado académico de Licenciatura en Administración de Empresas | ||
| 650 | 2 | 4 |
_94915 _aGestión |
| 710 | 2 |
_91067 _aUniversidad Católica de El Salvador _bFacultad de Ciencias Empresariales |
|
| 942 |
_2ddc _cTG |
||